Normal view
MARC view
- Martin Albrow
Entry Personal Name
001 - CONTROL NUMBER
- control field: 25077
003 - CONTROL NUMBER IDENTIFIER
- control field: NUST
005 - DATE AND TIME OF LATEST TRANSACTION
- control field: 20191030120112.0
008 - FIXED-LENGTH DATA ELEMENTS
- fixed length control field: 191030|| aca||aabn | a|a d
040 ## - CATALOGING SOURCE
- Original cataloging agency: NUST
- Transcribing agency: NUST
100 ## - HEADING--PERSONAL NAME
- Personal name: Martin Albrow
670 ## - SOURCE DATA FOUND
- Source citation: Work cat.: (NUST): Martin Albrow, Global Civil Society 2011 Globality:, 2011
